000 00467nam a2200193 a 4500
001 1761993634031
003 YourLibrary
005 20251101161253.0
008 251101s2002##################000#0#eng##
020 _a9780195156973
082 0 4 _a612.82
_bBLA
100 1 _aBlack, Ira B.,
_eauthor.
245 1 0 _aThe Changing Brain :
260 _c2002.
300 _a274 pages
650 0 _aMedical.
942 _cENGLISH
040 _aYourLibrary
_beng
_cYourLibrary
999 _c595127
_d595127